|
|
|
|
| LEADER |
00000ckm a2200000 a 4500 |
| 001 |
vtls011620099 |
| 003 |
SK-MaSNL |
| 005 |
20260512122856.0 |
| 007 |
kp ao |
| 008 |
230706q1923 xo g kucze |
| 015 |
|
|
|a SNBG1923
|
| 035 |
|
|
|a urn:nbn:sk:snk-km00dtp4
|
| 035 |
|
|
|a urn:nbn:sk:snk-km3lubt
|
| 035 |
|
|
|a 4CD93DFE-8E31-4248-8ECD-F96B721339A0
|
| 040 |
|
|
|a SNK
|b slo
|c SNK
|e AACR2
|
| 041 |
0 |
|
|a cze
|
| 043 |
|
|
|a e-xo---
|
| 044 |
|
|
|a xo
|c SK
|
| 072 |
|
7 |
|a 913
|x Regionálna geografia
|2 konspekt
|
| 080 |
|
|
|a (084.121)
|2 2011
|
| 080 |
|
|
|a 913(437.6)
|2 2011
|
| 080 |
|
|
|a 728.81
|2 2011
|
| 080 |
|
|
|a 7.025.21
|2 2011
|
| 080 |
|
|
|a 728.82
|2 2011
|
| 080 |
|
|
|a 726:27-523.42
|2 2011
|
| 100 |
1 |
|
|a Paulík
|c (fotograf)
|4 pht
|9 325916
|
| 245 |
1 |
0 |
|a Pozdrav z Pováž. Podhradí
|h grafika
|c Foto Paulík, Kyjov
|
| 260 |
|
|
|a Pováž. Podhradí
|b Sáboš Josef, hostinec
|c [1923?]
|
| 300 |
|
|
|a 1 pohľadnica
|b tónovaná do modra
|c 9 x 14 cm
|
| 500 |
|
|
|a Názvové údaje prevzaté z obrazovej časti pohľadnice
|
| 520 |
8 |
|
|a Zobrazenie: Pohľad v bielomo rámovaní na zrúcaninu Považského hradu, pod ňou kostol (uprostred), kaštieľ (vpravo) a domy vľavo za kostolom. Vľavo celkom vpredu je listnatý strom
|
| 610 |
2 |
7 |
|a Považský hrad (Považská Bystrica, Slovensko)
|2 SNKKA
|9 165143
|
| 650 |
0 |
7 |
|a hrady
|2 SNKPH
|9 3039
|
| 650 |
0 |
7 |
|a zrúcaniny
|2 SNKPH
|9 31233
|
| 650 |
0 |
7 |
|a kaštiele
|2 SNKPH
|9 28599
|
| 650 |
0 |
7 |
|a kostoly
|2 SNKPH
|9 3023
|
| 651 |
|
7 |
|a Považské Podhradie (Považská Bystrica, Slovensko)
|2 SNKPHgeo
|9 200745
|
| 655 |
|
7 |
|a miestne pohľadnice
|2 SNKPH
|9 70510
|
| 752 |
|
|
|a Slovensko
|d Považské Podhradie
|
| 852 |
|
|
|a Slovenská národná knižnica
|
| 958 |
|
|
|a GBN
|
| 958 |
|
|
|a GC
|
| 958 |
|
|
|a OND
|
| 999 |
|
|
|c 677749
|d 679679
|
| 952 |
|
|
|a SNK
|b SNK
|y PREZ
|7 0
|p 17A1223353
|o snkSP 19716
|z Pohľadnica prešla poštou.
|0 0
|1 0
|4 0
|d 2017-03-24
|f 1
|l 0
|r 2026-02-23 19:47:07
|w 2026-02-23
|